LEADER 00594nam a2200169 i 4500 001 000000153980 003 CaOOAMICUS 005 20230921155855.0 008 061006n xx u000 u mul u 040 $aSeMil$bita 245 10$a[Vol. 2]. 773 0 $tRepertorio delle Cattedrali Gotiche.$dMilano : Fabbrica del Duomo di Milano ; Milano : NED, 1986.$w()16520 850 $aSeMil 852 $aSeMil$W1$xVenegono$y1$m5H IX 20$j105862$B105862$CSeMilBibl$Z2$F115066 $8I 961 $aOmaggio: Martini Card. Carlo Maria 996 $6245$a[Vol. 2]$9(OLS)http://semarc/title/125672 LEADER 00962nam a2200217 i 4500 001 000000202730 003 CaOOAMICUS 005 20110531000000.0 008 110531s2001 it u000 u ita u 013 $a181441 040 $aSeMil$bita 245 10$aSanta Maria Nuova ; Oratorio dell'Addolorata ; San Bernardino :$bbreve guida delle chiese. 260 $aAbbiategrasso :$bParrocchia di Santa Maria Nuova,$c2001. 300 $a31 p. :$bill. ;$c21 cm. 500 $aTitoli da copertina. 650 4$aAbbiategrasso - Chiese - Santa Maria Nuova.$0(OLS)http://semarc/subject/22133 850 $aSeMil 852 $aSeMil$W1$xVenegono$y1$m5D VIII 16/24$j153229$B153229$CSeMilBibl$Z2$F164231 $81 961 $aOmaggio: Altro 996 $6245$aSanta Maria Nuova ; Oratorio dell'Addolorata ; San Bernardino :$bbreve guida delle chiese$9(OLS)http://semarc/title/293443 996 $6260$aAbbiategrasso :$bParrocchia di Santa Maria Nuova$9(OLS)http://semarc/publisher/51770